| 000 | 01197nam a22002897a 4500 | ||
|---|---|---|---|
| 003 | OSt | ||
| 005 | 20260401093307.0 | ||
| 008 | 260401b |||||||| |||| 00| 0 eng d | ||
| 010 | _a2004001498 | ||
| 020 | _a0842387269 | ||
| 040 | _cTYNDALE HOUSE PUBLISHERS | ||
| 041 | _aenglish | ||
| 050 |
_aPZ 7 .M19 2004 _b.M19 2004 |
||
| 100 |
_aMackall, Candi Daley, _eauthor. |
||
| 245 |
_aA degree of betrayal / _cCandi Daley Mackall. |
||
| 250 | _a1st edition. | ||
| 260 |
_aNew York : _bTyndale House Publishers, _c2004. |
||
| 300 |
_a320 pages, _bhardcover, ill. :col ; _c20.4 cm |
||
| 500 | _aA novel about friendship, ambition, and betrayal in a college setting. | ||
| 520 | _aScarred and in pain after a car accident , a high school senior turns away from God , especially after remembering how her boyfriend and best friend were involved in the crash , and plans her revenge while the elderly woman sharing her hospital room urges her to forgive and forget. | ||
| 650 |
_aTraffic accidents _xfiction. |
||
| 650 |
_arevenge _xfiction. |
||
| 650 |
_aAmnesia _xfiction |
||
| 650 |
_aInterpersonal Relation _xFiction. |
||
| 650 |
_aConduct of life _xFiction |
||
| 942 |
_2lcc _cBK _e1st ed. _n0 |
||
| 999 |
_c10017 _d10017 |
||